| 000 | 00388pam a2200157a 44500 | ||
|---|---|---|---|
| 008 | 230515b2010 xxu||||| |||| 00| 0 eng d | ||
| 020 | _a9780070701236 | ||
| 041 | _aENGLISH | ||
| 082 | _a0 | ||
| 100 | _aBAILEY J. E. / OLLIS D. F. | ||
| 245 | _aBIOCHEMICAL ENGINEERING FUNDAMENTALS | ||
| 250 | _a0 | ||
| 260 |
_aNEW DELHI _bTATA MCGRAW HILL _c2010 |
||
| 300 | _a984P | ||
| 650 | _aNULL | ||
| 999 |
_c598951 _d598951 |
||